Vulcanisation of rubber with m-Dinitrobenzene (Record no. 72242)

MARC details
000 -LEADER
fixed length control field 00339nam a2200133Ia 4500
100 ## - MAIN ENTRY--AUTHOR NAME
Personal name Wright J M
245 #0 - TITLE STATEMENT
Title Vulcanisation of rubber with m-Dinitrobenzene
260 ## - PUBLICATION, DISTRIBUTION, ETC. (IMPRINT)
Name of publisher IRI Transactions
Year of publication 1936
300 ## - PHYSICAL DESCRIPTION
Number of Pages 183-196
650 ## - SUBJECT ADDED ENTRY--TOPICAL TERM
Topical Term m-Dinitration
650 ## - SUBJECT ADDED ENTRY--TOPICAL TERM
Topical Term Vulcanisation
942 ## - ADDED ENTRY ELEMENTS (KOHA)
Koha item type Journals
Holdings
Withdrawn status Lost status Damaged status Not for loan Home library Current library Shelving location Date acquired Serial Enumeration / chronology Koha item type
      Journals RRII Library RRII Library Rubber chemistry 17/12/2021 Volume 12, Issue 2 Journals